The complete A-Z physical education handbook (Record no. 62998)

000 -LEADER
fixed length control field 00567nam a22001937a 4500
003 - CONTROL NUMBER IDENTIFIER
control field NUST - PNEC
005 - DATE AND TIME OF LATEST TRANSACTION
control field 20170116180802.0
008 - FIXED-LENGTH DATA ELEMENTS--GENERAL INFORMATION
fixed length control field 150415b xxu||||| |||| 00| 0 eng d
020 ## - INTERNATIONAL STANDARD BOOK NUMBER
International Standard Book Number 0340849924
040 ## - CATALOGING SOURCE
Transcribing agency LIBRARY
082 ## - DEWEY DECIMAL CLASSIFICATION NUMBER
Classification number 613.703 JAM
100 ## - MAIN ENTRY--PERSONAL NAME
9 (RLIN) 2600
Personal name James, Rob.
245 ## - TITLE STATEMENT
Title The complete A-Z physical education handbook
Statement of responsibility, etc. Rob James
250 ## - EDITION STATEMENT
Edition statement 2th ed.
260 ## - PUBLICATION, DISTRIBUTION, ETC.
Place of publication, distribution, etc. London
Name of publisher, distributor, etc. Hodder & Stoughton
Date of publication, distribution, etc. c 2000
300 ## - PHYSICAL DESCRIPTION
Extent 288 p.:
650 ## - SUBJECT ADDED ENTRY--TOPICAL TERM
9 (RLIN) 2602
Topical term or geographic name entry element The complete A-Z physical education handbook
General subdivision Physical education and training
942 ## - ADDED ENTRY ELEMENTS (KOHA)
Source of classification or shelving scheme
Koha item type Book
Holdings
Withdrawn status Lost status Source of classification or shelving scheme Damaged status Not for loan Permanent Location Current Location Shelving location Date acquired Source of acquisition Cost, normal purchase price Total Checkouts Full call number Barcode Date last seen Cost, replacement price Price effective from Koha item type
          Pakistan Navy Engineering College (PNEC) Pakistan Navy Engineering College (PNEC)   03/26/2005 Paramount Publishing Enterprise 457.25   613.703 JAM PNECLIB-027078 04/15/2015 457.25 03/26/2005 Book
© 2023 Central Library, National University of Sciences and Technology. All Rights Reserved.